000
00326nam a2200133Ia 4500
005
20251223000718.0
008
251222s9999||||xx |||||||||||||| ||spa||
082
_a
303.483.3/S37
100
_a
Selaimen, Graciela
245
0
_a
Cúpula sobre a Sociedade da Informação:
250
_a
1ra.ed.
264
_b
Rits
942
_c
LIB
999
_c
41544
_d
41544